000 01257cab a22002295a 4500
001 L142335
008 080206e20080202xxk f 000 0 eng d
035 _a(Sirsi) u142335
041 0 _aeng
100 1 _aMurdoch, John
245 0 0 _aIt's best to put agreements in writing
260 _c2008
490 _aEstates Gazette
_v(0804) 2 February 2008, 167(1)
520 _aConsiders the case of Ian Green Residential Ltd v Asfari. The case reinforces the requirement outlined by the Estate Agents Act 1979 s18 for Agents to state their fees in writing. The judge concluded that mention of a retainer had only been made after the defendants had been taken to view a property. The defendants then revealed they had already retained another agent. It was found that they had at all times made it clear they would not pay for these services. The judge issued guidance that such breach would not have implied a forfeited commission had this been relevant.
590 _aKA
650 2 4 _aIAN GREEN RESIDENTIAL LTD V ASFARI
650 2 4 _aESTATE AGENTS ACT 1979 S18
650 2 4 _aSUPPLY OF GOODS AND SERVICES ACT 1982
651 4 _aUnited Kingdom
_y
690 _aPROPERTY-RESIDENTIAL PROPERTY-ACQUISITION AND DISPOSAL OF RESIDENTIAL PROPERTY
942 _n0
999 _c79778
_d79778